Sports Quiz

Random Sports or Soccer Quiz

Germany - Top 20 Caps Top 20 Goals Quiz Stats

 Plays Quiz not verified by Sporcle

Score 0/40 Timer 08:00
0 Plays Today
Caps Answer % Correct
GoalsMiroslav Klose
98.1%
CapsMiroslav Klose
98.1%
GoalsGerd Muller
98.1%
GoalsThomas Muller
98.1%
CapsPhilipp Lahm
97.1%
CapsThomas Muller
96.1%
CapsLothar Matthaus
91.3%
CapsBastian Schweinsteiger
91.3%
GoalsBastian Schweinsteiger
91.3%
GoalsLothar Matthaus
91.3%
CapsOliver Kahn
89.3%
CapsFranz Beckenbauer
88.3%
CapsManuel Neuer
88.3%
CapsLukas Podolski
86.4%
GoalsLukas Podolski
86.4%
CapsMesut Ozil
84.5%
GoalsMesut Ozil
84.5%
CapsJurgen Klinsmann
82.5%
GoalsJurgen Klinsmann
82.5%
CapsMichael Ballack
80.6%
Caps Answer % Correct
GoalsMichael Ballack
80.6%
CapsKarl-Heinz Rummenigge
78.6%
GoalsKarl-Heinz Rummenigge
78.6%
CapsPer Mertesacker
75.7%
CapsRudi Voller
75.7%
GoalsRudi Voller
75.7%
CapsToni Kroos
73.8%
GoalsMario Gomez
69.9%
GoalsOliver Bierhoff
65%
CapsSepp Maier
53.4%
GoalsUwe Seeler
48.5%
GoalsAndreas Moller
37.9%
CapsBerti Vogts
36.9%
CapsJurgen Kohler
34%
CapsThomas Hassler
32%
GoalsAndre Schurrle
32%
GoalsFritz Walter
31.1%
GoalsKlaus Fischer
20.4%
GoalsEdmund Conen
4.9%
GoalsErnst Lehner
2.9%

You're not logged in!

Compare scores with friends on all Sporcle quizzes.
OR
Log In

Sporcle TV

Today on Sporcle TV


Watch our educational content, quiz creation guides, and fun videos on Sporcle TV.

Show Comments

Extras

Top Quizzes Today


Score Distribution

Your Account Isn't Verified!

In order to create a playlist on Sporcle, you need to verify the email address you used during registration. Go to your Sporcle Settings to finish the process.

Report this User

Report this user for behavior that violates our Community Guidelines.

Details: